000 01180cam a22001814a 4500
005 20250605163350.0
008 250528s ||||||||||||||||||||||||d
035 _a17677
020 _a9786185112158
040 _aGR-AtMCL
_bgre
_dGR-AtMCL
_eAACR2
245 1 _aΒρείτε δουλειά από το Internet / Πού και πώς ψάχνω δουλεια, Δημιουργία και αποστολή βιογραφικού, Site αναζήτησης θέσεων εργασίας, Προώθηση της δουλειάς σας στο Internet
260 _bDigerati,
_c2014
300 _a98
520 _aΑνακαλύψτε όλες τις δυνατότητες και τις ευκολίες που προσφέρει το Internet για εύρεση εργασίας, καταχώριση του βιογραφικού σας, αλλά και παρουσίασης των ικανοτήτων και δεξιοτήτων σας. Εισαγωγή, Εύρεση Εργασίας στην Ελλάδα, Εύρεση Εργασίας στο Εξωτερικό, Φτιάξτε το Βιογραφικό σας.
942 _cBK
999 _c3079
_d3079